000 01121nam0a22003011 4500
001 v19\rc\2069589
005 20251118181633.5
035 _a(NLR Aleph) 005144909
090 _a4841648
_c4841648
100 _a20081111d1912 |||y0rusy50 ca
101 0 _arus
102 _aRU
105 _ab z |||c|
200 1 _aСовременная Америка
_eИст.-геогр., полит. и экон-стат. очерк США
_f[Соч.] Л.С. Хольцова, канд. С.-Петерб. ун-та
210 _aСанкт-Петербург
_c"Междунар. б-ка" в Нью-Йорке
_d1912
215 _aXII, 478, 80 с., 1 л. карт.
_d23
300 _aТит. л. и обл. печ. в С.-Петербурге, текст в Нью-Йорке
320 _aБиблиогр.: с. 70-71 2 паг.
700 1 _aХольцов
_bЛ. С.
_gЛазарь С.
801 0 _aRU
_bNLR
_gpsbo
801 0 _aRU
_bRuMoRGB
_2psbo
801 1 _aRU
_bProSoft-M
_2rusmarc
852 _aNLR
_j37.39.3.37
899 _aRuMoRGB
_jM 85/59
899 _aRuMoRGB
_jC 48/55
899 _aБАН
942 _cBOOK
980 _aNB